| 000 | 00570nam a2200181 u 4500 | ||
|---|---|---|---|
| 001 | 000020710 | ||
| 005 | 20200930011141.0 | ||
| 008 | 100813s1996 dr a r 001 0 spa d | ||
| 040 |
_aDO-SdBNP _bspa _cBPJMD |
||
| 082 |
_axxxxx _bO 495 |
||
| 100 | 1 |
_aOlivo, Emilio _943454 |
|
| 245 | 0 | 0 | _aAgricultura de patio. |
| 260 |
_aSanto Domingo : _bFundación de Desarrollo agropecuario, _c1996. |
||
| 300 |
_a28 p. : _bil. ; _c28 cm. |
||
| 490 | 1 |
_aGuía técnica _vno. 29 _acultivos |
|
| 504 | _aIncluye bibliografía (p. 28) | ||
| 830 | 0 |
_aGuía Técnicas _vno. 29 _pcultivos _943455 |
|
| 999 |
_c20214 _d20214 |
||